000
00296 a2200145 4500
001
155050
040
_c
Escola São Tomás de Aquino
100
_a
FLINDERS , Steve
240
1
0
_a
Soccer
_l
por
245
1
0
_a
Soccer
300
_a
22
362
0
_a
2011
697
_a
Língua inglesa
942
_c
BK
999
_c
155050
_d
155050